000 00704nas a2200217 4500
001 BR7307989
003 BR-BrBNA
005 20231205082642.0
007 ta
008 230509b bl.|||p| |||| 00| 00por d
040 _aBR-BrBNA
_bpor
_cBiblioteca Nacional de Agricultura
041 _a(Pt)
072 _aQ10
100 1 _aLeitao, R.F.
245 1 _aCondicoes ideais para obtencao de uma pasta alimenticia [macarrao, industria alimenticia]
650 _aMACARRAO
650 _aINDUSTRIA ALIMENTICIA
773 0 _tBoletim do Instituto de Tecnologia de Alimentos (Brazil)
_xISSN 0366-0281
_g(Jun 1973), (no. 34) p. 79-87
_wBR7307989
909 _a202311
_bLúcia
_c55
_dLúcia Elande
942 _2AGRIS
_n0
_cANA
999 _c93492
_d93492